| 000 | 01778cam a22004334i 4500 | ||
|---|---|---|---|
| 003 | PE-LiUPU | ||
| 005 | 20250731183434.0 | ||
| 008 | 150706s r 000 0 d | ||
| 020 | _a9788425215100 | ||
| 035 | _a(Sirsi) i9788425215100 | ||
| 040 |
_aPE-LiUPU _bspa _cPE-LiUPU _erda |
||
| 049 | _aPRUA | ||
| 082 | 0 | 4 |
_a720.92 _bS2 _221 |
| 245 | 0 | 0 |
_aSantiago Calatrava : conversaciones con estudiantes : _bconferencias en el MIT / _cCecilia Lewis Kausel y Ann Pendleton-Jullian, editoras. |
| 264 | 1 |
_aBarcelona : _bGustavo Gili, _c2003. |
|
| 300 |
_a112 páginas : _bilustraciones ; _c20 cm. |
||
| 336 |
_atext _2rdacontent |
||
| 337 |
_aunmediated _2rdamedia |
||
| 338 |
_avolume _2rdacarrier |
||
| 500 | _aTraducción: Santiago Calatrava. Conversations with students. The MIT lectures | ||
| 505 | 0 | _aMateriales y procesos constructivos -- Fuerza y forma -- Movimiento y forma -- Conclusión. | |
| 526 | _aP158 | ||
| 526 | _aP146 | ||
| 526 | _aP17 | ||
| 526 | _aP12 | ||
| 526 | _aP06 | ||
| 541 | _g004-000768; | ||
| 600 | 1 |
_aCalatrava, Santiago _y1951 _vEntrevistas |
|
| 650 | 1 | 4 |
_aArquitectura moderna _zEspaña _ySiglo XX. |
| 650 | 2 | 4 | _aArquitectos españoles. |
| 700 | 1 |
_aLewis Kausel, Cecilia, _eed. |
|
| 700 | 1 |
_aPendleton-Jullian, Ann, _eed. |
|
| 910 |
_agl _bjv _clch _d20130225 |
||
| 942 |
_2ddc _cBOOK |
||
| 949 |
_a720.92 S2 _wDEWEY _c1 _i66275 _lCCODEBUL1 _mBUL _p25.00 _r0 _sY _tBOOK _u2015-7-6 _xINGENIERIA _PP06 _o.STAFF. Colección General |
||
| 994 |
_aC0 _bPEPRU |
||
| 596 | _a1 | ||
| 999 |
_a720.92 S2 _wDEWEY _c54531 _i66275 _d54531 _e2018-8-21 _f2021-11-9 _g7 _lCCODEBUL1 _mBUL _n1 _p25.00 _r0 _sY _tBOOK _u2015-7-6 _xINGENIERIA _PP06 _0COMPRA _o.STAFF. Colección General |
||
| 980 |
_81 _gALBERTO SANCHEZ Responsable de Automatización |
||